[Event "Canarias-ch U18"]
[Site "Santa Cruz de Tenerife"]
[Date "2018.05.10"]
[Round "1"]
[White "Navio Lopez, Manuel Alberto"]
[Black "Rodriguez Montesdeoca, Victor"]
[Result "1-0"]
[WhiteElo "1832"]
[BlackElo "1265"]
[PlyCount "45"]
[EventDate "2018.05.10"]
[EventType "swiss"]
[EventRounds "6"]
[EventCountry "ESP"]
[SourceTitle "EXT 2022"]
[Source "ChessBase"]
[SourceDate "2021.10.06"]
[SourceVersion "1"]
[SourceVersionDate "2021.10.06"]
[SourceQuality "1"]

1. d4 Nf6 2. c4 e6 3. Nf3 d5 4. Bg5 Be7 5. Nc3 0-0 6. e3 Nbd7 7. Rc1 h6 8. Bh4 c5 9. Bd3 cxd4 10. exd4 b6 11. 0-0 Bb7 12. b3 Ne4 13. Bxe7 Qxe7 14. Re1 Ndf6 15. Ne5 Nxc3 16. Rxc3 Ne4 17. Rc1 f6 18. Ng6 Qb4 19. Nxf8 Rxf8 20. f3 Nd6 21. Rxe6 Rd8 22. Qe1 Qa3 23. c5 1-0